000 00457nam a2200157 i 4500
001 78926
003 ES-MaACL
005 20230906173844.0
007 t|
008 041018s1942 gw ||||1| ger d
100 1 _aHelwig, Werner.
_962480
245 1 0 _aRaubfischer in Hellas
_b: roman /
_cpar Werner Helwig.
260 _aLeipzig :
_bBernhard Tauchnitz,
_c1942 (
_fOscar Brandstetter)
300 _a266 p. ;
_c19 cm.
852 _aES-MaACL
_jF-15811
_bR.19910
999 _c78926
_d78926